000 01790nam a2200241Ia 4500
999 _c54457
_d54457
001 21519
003 GE_BSU
005 20211125163611.0
008 181216s2017||||ge |||||||||||||| ||geo||
020 _a978-9941-0-9855-0
040 _cGE_BSU
041 _ageo
080 _a613.885:316.367.7:342.726(479.22) ჯ-19
100 _aჯალაღანია, ლიკა
_913062
245 _aოპერაციული სახელმძღვანელო დოკუმენტი :
_bსექსუალური ორიენტაციისა და გენდერული იდენტობის საფუძველზე ჩადენილი დანაშაულის გამოძიებისა და პრევენციის შესახებ /
_cლიკა ჯალაღანია ; კვლევის ხელმძღვ. თ. მიქელაძე ; თარგმ. მ. ბეგაძე, ლ. ჯამბურია, მ. გელაძე.
264 _aთბილისი :
_b[?],
_c2017.
300 _a146 გვ. ;
_c24 სმ.
541 _h7 ლ.
653 _aოპერაციული სახელმძღვანელო დოკუმენტი
653 _aსექსუალური ორიენტაციისა და გენდერული იდენტობის საფუძველზე ჩადენილი დანაშაულის გამოძიებისა და პრევენციის შესახებ
710 _aადამიანის უფლებების სწავლებისა და მონიტორინგის ცენტრი
_913055
942 _cBK
_2udc